KURAN NİÇİN VE NASIL OKUNMALI (Kayıt no. 777341)
[ düz görünüm ]
| 000 -LEADER | |
|---|---|
| sabit uzunluktaki kontrol alanı | 00263nam a2200097Ia 4500 |
| 001 - KONTROL NUMARASI | |
| kontrol alanı | 777341 |
| 005 - EN SON İŞLEMİN TARİH VE ZAMANI | |
| kontrol alanı | 20250826165905.0 |
| 008 - SABİT-UZUNLUKTA VERİ ÖĞELERİ--GENEL BİLGİ | |
| sabit uzunluktaki kontrol alanı | 250824s9999 xx 000 0 und d |
| 245 #0 - ESER / YAZAR | |
| ESER ADI | KURAN NİÇİN VE NASIL OKUNMALI |
| Yazar Adı | ALİ AKPINAR |
| 260 ## - YAYIN, DAĞITIM, VB. | |
| YAYIN EVİ | KİTAP DÜNYASI YAYINLARI |
| Düşüm durumu | Kayıp durumu | Hasar Durumu | Ödünç verilmez | Ana kütüphane | Geçerli Kütüphane | Edinilen tarih | Toplam ödünç verme sayısı | Barkod | Son görüntüleme tarihi | Fiyatın geçerli olmaya başladığı tarih | Koha materyal türü |
|---|---|---|---|---|---|---|---|---|---|---|---|
| ATATÜRK MESLEKİ VE TEKNİK ANADOLU LİSESİ | ATATÜRK MESLEKİ VE TEKNİK ANADOLU LİSESİ | 24.08.2025 | 1049305 | 26.08.2025 | 26.08.2025 | Kitaplar |